01206nmm a2200337 a 4500003000900000005001700009008004100026020001800067040001300085110010800098245005500206250001200261260007500273300001100348500016600359500003500525500002300560650001500583650002200598650002300620650001500643650001100658650001100669650002400680653002200704653003100726653002800757653002900785653003100814653002300845AR-BaBNM20251128204921.0166019s1995 ||||||||||||||000 | spa|| a950-00-0019-9 cAR-BaBNM1 aArgentinabMinisterio de Cultura y EducaciónbSecretaría de Programación y Evaluación Educativa10aContenidos básicos comunes para el nivel inicial a1ª ed. aBuenos AiresbMinisterio de Cultura y Educación de la Naciónc1995 a105 p. aAutoridades responsables de los Contenidos Básicos Comunes son: Susana Decibe, Inés Aguerrondo, Cecilia Braslavsky, Alfredo Van Gelderen, Edudardo Slomiansky aDocumentación de base: p. 97 aAnexos: p. 101-105 4aMATEMATICA 4aCIENCIAS SOCIALES 4aCIENCIAS NATURALES 4aTECNOLOGIA 4aLENGUA 4aMUSICA 4aEDUCACION ARTISTICA aEDUCACION INICIAL aCONTENIDOS BASICOS COMUNES aCONTENIDOS CONCEPTUALES aCONTENIDOS ACTITUDINALES aCONTENIDOS PROCEDIMENTALES aEXPRESION CORPORAL